| 000 | 00607nam a22002177a 4500 | ||
|---|---|---|---|
| 001 | 48275 | ||
| 003 | UA-OsUOA | ||
| 005 | 20220106215348.0 | ||
| 007 | ta | ||
| 008 | 20070903b un ||||| |||| 00| 0 ukr d | ||
| 040 |
_aUA-OsUOA _bukr _cUA-OsUOA _dUA-OsUOA |
||
| 041 | _aukr | ||
| 080 | _a82.09 | ||
| 090 |
_a82.09 _bС24 |
||
| 245 |
_aСвітова велич Тараса Шевченка _bтези доповідей _cМогила А. П. |
||
| 260 |
_aК. _c1964 |
||
| 300 | _a76 с. | ||
| 650 | 7 |
_a82 Література. Літературознавство _2UDC |
|
| 942 |
_cBK _2udc |
||
| 955 | _a2 | ||
| 999 |
_c334378 _d334378 |
||